000 00364nam a2200133 i 4500
001 bg
245 0 _aComputational methods for large molecules and localized states in solids :
_bproceedings of a symposium ...
260 _aNew York,
_c1973.
040 _cBPK
041 _apol
080 _a541:539.2
942 _cKS
008 s pl f |000 0 pol
999 _c27169
_d27169
856 _uhttp://koha.tu.koszalin.pl/cgi-bin/koha/opac-detail.pl?biblionumber=27169
_yKatalog online BPK